000 00680nam a2200193Ia 4500
003 IN-BaIIA
008 211028s9999 xx 000 0 eng d
040 _cIIA Library
080 _a524.3-852
_bTHO
100 _aThomas, Richard N.
_93972
245 0 _aStellar atmospheric structural patterns
_cRichard N. Thomas
260 _aWashington
_bNational Aeronautics and Space Administration
_c1983
300 _axxxiv, 369p.
490 _aMonograph series on nonthermal phenomena in stellar atmosphere
650 _aAstronomy and astrophysics thesaurus
650 _aStellar atmospheres
_91135
650 _aStellar structure
942 _cBK
999 _c7989
_d7989